[Event "Washington Open Championship"]
[Site "Seattle, WA"]
[Date "2014.05.25"]
[Round "4"]
[White "Pupols Viktors  (WA)"]
[Black "Sinanan Joshua  (WA)"]
[Result "0-1"]
[WhiteElo "2200"]
[BlackElo "2268"]
[Annotator ""]
[Source ""]
[Remark "Open"]

1.d4 Nf6 2.c4 e6 3.Nc3 Bb4 4.Bd2 O-O 5.Nf3 b6 6.e3 Bb7 7.Bd3
Bxc3 8.Bxc3 Ne4 9.Qc2 f5 10.O-O d6 11.Ne1 Nd7 12.f3 Nxc3 13.Qxc3
Qe7 14.Nc2 Rf6 15.b4 Rh6 16.g3 Rg6 17.Rf2 h5 18.Kf1 Rf6 19.Be2
h4 20.Ke1 hxg3 21.hxg3 Rg6 22.Rg2 e5 23.Kd2 c5 24.bxc5 dxc5 25.d5
Nf6 26.Rh1 Rf8 27.Kc1 Ne8 28.Qe1 Rff6 29.Rgh2 Rh6 30.Rxh6 Rxh6
31.Rxh6 gxh6 32.Qh1 Kg7 33.Qh3 Bc8 34.f4 exf4 35.gxf4 Nf6 36.Bd3
Ng4 37.Kd2 Qf6 38.Be2 Qg6 39.Qh4 Nf6 40.Bf3 Ba6 41.Na3 Qg1 42.Qe1
Qxe1+ 43.Kxe1 Ne8 44.e4 fxe4 45.Bxe4 Nd6 46.Bd3 Kf6 47.Kf2 Bc8
48.Kg3 a6 49.Nb1 Bf5 50.Bxf5 Kxf5 51.Nd2 h5 52.a4 a5 0-1

[Event "Washington Open Championship"]
[Site "Seattle, WA"]
[Date "2014.05.25"]
[Round "4"]
[White "Sang Tian  (WA)"]
[Black "Lessler Peter  (WA)"]
[Result "1-0"]
[WhiteElo "2317"]
[BlackElo "2266"]
[Annotator ""]
[Source ""]
[Remark "Open"]

{%00þ} 1.e4 e5 2.Nf3 Nc6 3.Bb5 a6 4.Ba4 Nf6 5.O-O Be7 6.Re1
b5 7.Bb3 d6 8.c3 O-O 9.h3 Na5 10.Bc2 c5 11.d4 Qc7 12.Nbd2 cxd4
13.cxd4 Bb7 14.d5 Rac8 15.Bd3 Nd7 16.Nf1 f5 17.Bg5 fxe4 18.Bxe4
Rxf3 19.Bxe7 Rf7 20.Bg5 Nc4 21.b3 Ncb6 22.Rc1 Qb8 23.Qd3 g6 24.Qd2
Nc5 25.f3 Nbd7 26.Nh2 Nf6 27.Bxf6 Rxf6 28.Qg5 Nxe4 29.fxe4 Rxc1
30.Rxc1 Qd8 31.Qe3 Bc8 32.Qa7 Rf7 33.Qb8 Rf8 34.Nf3 Bd7 35.Qxd8
Rxd8 36.Rc7 a5 37.Ra7 a4 38.Ra6 axb3 39.axb3 Be8 40.Ng5 Rd7 41.Rb6
Ra7 42.Rxd6 Ra3 43.Rd8 Kf8 44.d6 Ra7 45.Ne6+ Kf7 46.Nc5 Bc6 47.d7
Ra1+ 48.Kh2 Rd1 49.Rh8 Bxd7 50.Rxh7+ Ke8 51.Nxd7 Rxd7 52.Rxd7
Kxd7 53.h4 Kd6 54.g4 Ke6 55.Kg3 Kf6 56.Kf3 Ke6 57.Ke3 1-0

[Event "Washington Open Championship"]
[Site "Seattle, WA"]
[Date "2014.05.25"]
[Round "4"]
[White "Brusniak Benjamin  (WA)"]
[Black "Haining Kyle  (WA)"]
[Result "1/2-1/2"]
[WhiteElo "1845"]
[BlackElo "2054"]
[Annotator ""]
[Source ""]
[Remark "Open"]

1.d4 g6 2.c4 Bg7 3.Nc3 Nf6 4.e4 d6 5.Be2 O-O 6.Nf3 c5 7.O-O Re8
8.d5 e6 9.dxe6 Bxe6 10.Bg5 Qb6 11.Qc2 Nc6 12.a3 Na5 13.Nd2 h6
14.Bf4 Nc6 15.Nf3 g5 16.Be3 Ng4 17.h3 Nxe3 18.fxe3 Ne5 19.b3
Qa5 20.Rac1 a6 21.Nd5 Bxd5 22.exd5 Qc7 23.Nxe5 Rxe5 24.Bh5 Rf8
25.Rf3 Qe7 26.Rcf1 f5 27.Qf2 f4 28.exf4 Re4 29.Qg3 Rfxf4 30.Rxf4
Rxf4 31.Rxf4 gxf4 32.Qg6 Qe1+ 33.Kh2 Qe5 34.Qf7+ Kh8 35.Qe8+
Qxe8 36.Bxe8 Bd4 37.h4 Kg7 38.Kh3 Kf6 39.Kg4 Be3 40.Bd7 b6 41.Bc8
a5 42.h5 Ke5 43.Bd7 Bc1 44.a4 Bd2 45.g3 fxg3 46.Kxg3 Kd4 47.Kg4
Ke4 48.Bc6 Bf4 49.Bd7 Bg5 50.Bc6 Ke5 51.Bd7 Ke4 1/2-1/2

[Event "Washington Open Championship"]
[Site "Seattle, WA"]
[Date "2014.05.25"]
[Round "4"]
[White "Bashkansky Ethan  (WA)"]
[Black "Feng Roland  (WA)"]
[Result "0-1"]
[WhiteElo "2118"]
[BlackElo "2250"]
[Annotator ""]
[Source ""]
[Remark "Open"]

1.d4 Nf6 2.c4 e6 3.Nc3 Bb4 4.Qc2 O-O 5.Nf3 b6 6.e4 d6 7.Bd3 e5
8.O-O Bxc3 9.Qxc3 Nbd7 10.Bg5 Re8 11.b4 c5 12.bxc5 bxc5 13.d5
h6 14.Bh4 Nf8 15.Nd2 Ng6 16.Bg3 h5 17.h3 h4 18.Bh2 Nh5 19.Rfe1
Nhf4 20.Nf3 Qf6 21.Bc2 Bd7 22.Rab1 Rab8 23.Qe3 a5 24.a3 Rec8
25.Kh1 a4 26.Rec1 Qd8 27.Qd2 Rxb1 28.Rxb1 Rb8 29.Rxb8 Qxb8 30.Qa5
Qc8 31.Ng1 Qe8 32.Qc7 Qe7 33.Nf3 Nxg2 34.Qb8+ Kh7 35.Kxg2 Bxh3+
36.Kxh3 Qd7+ 37.Kg2 Qg4+ 38.Kf1 Qxf3 39.Qc8 h3 40.Bg3 Qg2+ 41.Ke2
h2 42.Bxh2 Qxh2 43.Qf5 Kh6 44.Bxa4 Nf4+ 45.Ke3 Qg1 46.Kd2 Qxf2+
47.Kc3 Qd4+ 48.Kb3 Qd1+ 0-1

[Event "Washington Open Championship"]
[Site "Seattle, WA"]
[Date "2014.05.24"]
[Round "1"]
[White "Cross Jason  (WA)"]
[Black "Puri Ishaan  (WA)"]
[Result "0-1"]
[WhiteElo "1589"]
[BlackElo "1619"]
[Annotator ""]
[Source ""]
[Remark "Reserve"]

1.e4 e5 2.f4 d6 3.Bc4 Nf6 4.d3 Bg4 5.Nf3 a6 6.fxe5 dxe5 7.Bxf7+
Ke7 8.Bb3 Nc6 9.c3 Qe8 10.O-O Qg6 11.Qe1 Rd8 12.Bc2 Ke8 13.Qf2
h5 14.Nh4 Qh7 15.Bg5 Be7 16.Bxf6 gxf6 17.Nd2 Rg8 18.Kh1 Qh6 19.Ndf3
Kd7 20.d4 Kc8 21.h3 Bxf3 22.Qxf3 exd4 23.Nf5 Qg5 24.Bb3 Rgf8
25.Bd5 Bc5 26.b4 Bb6 27.Bxc6 bxc6 28.Rad1 dxc3 29.Qxc3 Rxd1 30.Rxd1
Kb7 31.Rd7 Qf4 32.Qc2 Qf1+ 33.Kh2 h4 34.Nd4 Qf4+ 35.Kg1 Qe3+
36.Qf2 Qxe4 37.Kh1 Rg8 38.Qd2 Rg3 39.Nf3 Be3 40.Qd3 Rxf3 41.Qxe4
Rf1+ 42.Kh2 Bg1+ 43.Kh1 Bf2+ 0-1

[Event "Washington Open Championship"]
[Site "Seattle, WA"]
[Date "2014.05.24"]
[Round "1"]
[White "Bashkansky Ethan  (WA)"]
[Black "Vaintroub Maximilian  (WA)"]
[Result "1-0"]
[WhiteElo "2118"]
[BlackElo "1801"]
[Annotator ""]
[Source ""]
[Remark "Open"]

1.d4 Nf6 2.c4 e6 3.Nc3 Bb4 4.Qc2 O-O 5.Nf3 d6 6.Bd2 b6 7.e4 Bb7
8.Bd3 c5 9.a3 Bxc3 10.Bxc3 Nc6 11.O-O Rc8 12.d5 exd5 13.exd5
Na5 14.Bxf6 Qxf6 15.Bxh7+ Kh8 16.Bd3 Ba6 17.Nd2 Qd4 18.Rae1 Rfe8
19.b3 g6 20.Ne4 Qe5 21.Re3 Qf4 22.Qb2+ Qe5 23.Qxe5+ dxe5 24.Nd6
Nxb3 25.Bxg6 Nd2 26.Bxf7 Rf8 27.Nxc8 Bxc8 28.Be6 Nxf1 29.Kxf1
Ba6 30.d6 Rd8 31.d7 Bb7 32.Rxe5 Bc6 1-0

[Event "Washington Open Championship"]
[Site "Seattle, WA"]
[Date "2014.05.25"]
[Round "4"]
[White "Van Veen Kerry  (WA)"]
[Black "Anthony Ralph  (WA)"]
[Result "0-1"]
[WhiteElo "1692"]
[BlackElo "1707"]
[Annotator ""]
[Source ""]
[Remark "Premier"]

1.d4 Nf6 2.c4 c5 3.d5 b5 4.cxb5 a6 5.Nc3 d6 6.e4 g6 7.Nf3 Bg7
8.Bd3 Nbd7 9.O-O O-O 10.Qe2 Qc7 11.Rb1 Nb6 12.Nd2 Ng4 13.bxa6
Ne5 14.Bb5 c4 15.Nd1 Qc5 16.a4 Bxa6 17.b4 Qd4 18.Bb2 Qd3 19.Qxd3
cxd3 20.Bc6 Nxc6 21.dxc6 Bh6 22.Ne3 Bxe3 23.fxe3 Nxa4 24.Ba1
Bb5 25.Rfc1 Rfc8 26.Bd4 e5 27.Ba1 Nb6 28.Nb3 Bxc6 29.Na5 Bxe4
30.Rd1 d2 31.Rb2 Nd5 32.Rbxd2 Nxb4 33.Rxd6 Nd3 34.Nb3 Rc2 35.R6xd3
Bxd3 36.Rxd3 Rxa1+ 37.Nxa1 Rc1+ 38.Kf2 Rxa1 39.g4 Ra2+ 40.Kg1
Re2 41.g5 Kf8 42.Ra3 Ke7 43.h4 Ke6 44.Ra6+ Kf5 45.Rf6+ Kg4 46.Rxf7
Kxh4 47.Rxh7+ Kxg5 48.Rh3 Kg4 49.Rh2 Rxh2 0-1

[Event "Washington Open Championship"]
[Site "Seattle, WA"]
[Date "2014.05.26"]
[Round "5"]
[White "Davis Frederick  (WA)"]
[Black "Abdul-Mujeeb Numan  (WA)"]
[Result "1-0"]
[WhiteElo "1811"]
[BlackElo "1724"]
[Annotator ""]
[Source ""]
[Remark "Premier"]

{%00þ} 1.e4 c5 2.Nf3 d6 3.d4 cxd4 4.Nxd4 Nf6 5.Nc3 g6 6.Be3
Bg7 7.f3 a6 8.Qd2 O-O 9.O-O-O b5 10.Nd5 Nxd5 11.exd5 Bb7 12.Bh6
Qa5 13.h4 b4 14.Nb3 Bxb2+ 15.Kxb2 Qa3+ 16.Kb1 Rc8 17.Qd4 f6 18.Bc1
Qa4 19.Bd3 Nd7 20.h5 g5 21.Qe4 Nf8 22.Qxe7 Bxd5 23.Qxf6 Bxb3
24.cxb3 Qa5 25.Bb2 Rc7 26.Bc4+ 1-0

[Event "Washington Open Championship"]
[Site "Seattle, WA"]
[Date "2014.05.25"]
[Round "4"]
[White "Yu Jason  (WA)"]
[Black "Campbell Tim  (WA)"]
[Result "0-1"]
[WhiteElo "1744"]
[BlackElo "1739"]
[Annotator ""]
[Source ""]
[Remark "Premier"]

1.e4 d5 2.exd5 Nf6 3.d4 Nxd5 4.Nf3 e6 5.c4 Nf6 6.Nc3 c5 7.Bf4
Nbd7 8.Nb5 Qa5+ 9.Qd2 Qxd2+ 10.Kxd2 Kd8 11.Ng5 Nh5 12.Bc7+ Ke7
13.Bd6+ Kf6 14.Ne4+ Kf5 15.g4+ Kxg4 16.h3+ Kf5 17.Bd3 Bxd6 18.Nbxd6+
Kf4 19.Nxf7 Rf8 20.Nfg5 Ndf6 21.Nxf6 Nxf6 22.Nxh7 Nxh7 23.Bxh7
cxd4 24.Rae1 Kg5 25.Re2 g6 26.Re4 Rxf2+ 27.Kc1 e5 28.Rg1+ Kf5
29.Bxg6+ Kf6 30.Bh7 Bf5 31.Bxf5 Kxf5 32.Rge1 Re8 33.Rxd4 Rg8
34.Rd2 Rf4 35.b3 Rh8 36.Re3 Rh7 37.Rde2 e4 38.Kb2 Rfh4 39.Ka3
Ke5 40.Ka4 Kd4 41.Ka3 Rf7 42.Re1 Rf3 43.R3e2 Kd3 44.Kb2 e3 45.Kc1
Rhxh3 46.Rc2 Rf2 47.Rd1+ Ke4 48.Re1 Rxc2+ 49.Kxc2 Rh2+ 50.Kc1
Rxa2 51.Kb1 Rf2 52.Kc1 Kd3 53.Rh1 Rc2+ 54.Kb1 e2 55.Rh3+ Kd2
56.Rh2 Kc3 57.Rh3+ Kb4 58.Re3 Rd2 59.Kc1 Rd1+ 60.Kc2 e1Q 61.Rxe1
Rxe1 62.Kd2 Re6 63.Kd3 Kxb3 64.Kd4 Rc6 65.c5 Kb4 66.Kd5 Rxc5+
67.Ke4 a5 68.Kd4 a4 69.Ke4 a3 70.Kd4 a2 71.Ke4 a1Q 72.Kd3 Qe1
73.Kd4 Qe5+ 74.Kd3 Rc3+ 75.Kd2 Qe3+ 76.Kd1 Rc1# 0-1

[Event "Washington Open Championship"]
[Site "Seattle, WA"]
[Date "2014.05.25"]
[Round "6"]
[White "Dutton Carl  (WA)"]
[Black "Anthony Ralph  (WA)"]
[Result "1/2-1/2"]
[WhiteElo "1701"]
[BlackElo "1707"]
[Annotator ""]
[Source ""]
[Remark "Premier"]

1.e4 d6 2.d4 Nf6 3.Nc3 g6 4.Bc4 Bg7 5.Be3 c6 6.Bb3 b5 7.f3 a5
8.a4 b4 9.Nce2 Ba6 10.Nh3 Nbd7 11.c3 Rb8 12.c4 O-O 13.O-O Qc7
14.Qd2 c5 15.d5 Ne5 16.Rac1 Rbd8 17.Bh6 Bc8 18.Bxg7 Kxg7 19.Nhf4
h5 20.Nd3 Nxd3 21.Qxd3 Rh8 22.Qe3 Rdg8 23.Nf4 g5 24.Nd3 Kf8 25.e5
Ne8 26.Rce1 Qd7 27.Re2 1/2-1/2

[Event "Washington Open Championship"]
[Site "Seattle, WA"]
[Date "2014.05.24"]
[Round "2"]
[White "Nelson James  (WA)"]
[Black "Allen Robert  (WA)"]
[Result "0-1"]
[WhiteElo "1631"]
[BlackElo "1752"]
[Annotator ""]
[Source ""]
[Remark "Premier"]

1.d4 Nf6 2.Nf3 g6 3.e3 Bg7 4.b3 O-O 5.Bb2 d5 6.Nbd2 b6 7.Bd3
c5 8.O-O Nc6 9.Re1 Bb7 10.c4 Nb4 11.Bf1 dxc4 12.Nxc4 Bxf3 13.gxf3
cxd4 14.Bxd4 Qc7 15.Be5 Qb7 16.Bg2 Rfd8 17.Bd4 Rac8 18.Qb1 b5
19.f4 Qa6 20.a3 Nc6 21.Ne5 Nxd4 22.exd4 Rxd4 23.Nd3 Qd6 24.Rd1
Rd8 25.Bf1 Nh5 26.Be2 Nxf4 27.Nxf4 Qxf4 28.Qc2 Be5 29.Bxb5 Qxh2+
30.Kf1 Qh1+ 0-1

[Event "Washington Open Championship"]
[Site "Seattle, WA"]
[Date "2014.05.24"]
[Round "1"]
[White "Singh Aditya  (WA)"]
[Black "Haining Breck  (WA)"]
[Result "0-1"]
[WhiteElo "1264"]
[BlackElo "1350"]
[Annotator ""]
[Source ""]
[Remark "Booster"]

1.e4 g6 2.d4 Bg7 3.Nf3 d6 4.Nc3 Nf6 5.Bd3 O-O 6.Be3 a6 7.O-O
b5 8.a3 Bb7 9.Qd2 Ng4 10.Bf4 Nd7 11.h3 Ngf6 12.Bh6 e5 13.Bxg7
Kxg7 14.dxe5 Nxe5 15.Nxe5 dxe5 16.Rfe1 Qd4 17.Qe3 c5 18.Qxd4
exd4 19.e5 dxc3 20.exf6+ Kxf6 21.bxc3 c4 22.Bf1 Rad8 23.a4 Bc6
24.axb5 axb5 25.Ra6 Rd6 26.Rb1 Rfd8 27.Kh2 Be8 28.Rxd6+ Rxd6
29.Re1 Bd7 30.Kg3 Rd2 31.Re2 {??} Rd1 32.Re4 Rxf1 33.Rd4 Bf5
34.Rf4 Kg7 35.Rd4 Rc1 36.Rd5 Rxc2 37.Rxb5 Rxc3+ 38.Kf4 Rb3 39.Rc5
Bd3 40.Ke3 Bf1+ 41.Kd4 Bxg2 42.Kxc4 Rxh3 43.Rg5 Bf1+ 44.Kd4 Rf3
45.Rg1 Rxf2 46.Ke3 Rf5 47.Kd2 Bc4 48.Ke1 Ra5 49.Kf2 f5 50.Kg2
Bd5+ 51.Kh2 Kf6 52.Kg3 h5 53.Re1 Ra4 54.Kh2 Ra3 55.Rc1 g5 56.Rb1
Ra2+ 57.Kg1 h4 58.Rb6+ Ke5 59.Rb8 h3 60.Re8+ Kf4 61.Rh8 Kg3 62.Rxh3+
Kxh3 63.Kf1 Kh2 64.Ke1 g4 0-1

[Event "Washington Open Championship"]
[Site "Seattle, WA"]
[Date "2014.05.24"]
[Round "1"]
[White "McCorkle Wade  (WA)"]
[Black "Kang Christopher  (WA)"]
[Result "1-0"]
[WhiteElo "1297"]
[BlackElo "1033"]
[Annotator ""]
[Source ""]
[Remark "Booster"]

1.c4 e5 2.g3 Nf6 3.Bg2 Bc5 4.Nc3 O-O 5.e3 Nc6 6.Nge2 d6 7.O-O
Bf5 8.d4 exd4 9.exd4 Bb6 10.a3 Qd7 11.b4 a6 12.c5 dxc5 13.dxc5
Qxd1 14.Rxd1 Ba7 15.Bxc6 bxc6 16.Bg5 a5 17.Bxf6 gxf6 18.Nd4 axb4
19.axb4 Bd7 20.Ra4 Rfe8 21.Rda1 Bh3 22.Nce2 Reb8 23.f3
( 23.Nxc6 ) f5 24.Nf4 Rd8 25.Nxh3 Rxd4 26.Rxa7 Rxa7 27.Rxa7 Rxb4
28.Rxc7 Rb1+ 29.Kg2 Rd1 30.Rxc6 Rd2+ 31.Nf2 Kg7 32.Rc8 h5 33.h3
Kf6 34.c6 f4 35.g4 hxg4 36.hxg4 Ke5 37.c7 Kd4 38.Rd8+ Ke3 39.Rxd2
Kxd2 40.c8Q Ke3 41.Qc4 Kd2 42.Qd3+ Kc1 43.Qe2 f5 44.Nd3+ Kb1
45.Qb2# 1-0

[Event "Washington Open Championship"]
[Site "Seattle, WA"]
[Date "2014.05.24"]
[Round "1"]
[White "Sherry Christopher  (WA)"]
[Black "Lai James  (WA)"]
[Result "1-0"]
[WhiteElo "1654"]
[BlackElo "1409"]
[Annotator ""]
[Source ""]
[Remark "Reserve"]

1.d4 d5 2.c4 e6 3.Nc3 Nf6 4.Bg5 c6 5.Nf3 Nbd7 6.e4 dxe4 7.Nxe4
Be7 8.Bxf6 Nxf6 9.Bd3 Nxe4 10.Bxe4 Bb4+ 11.Kf1 O-O 12.c5 Qf6
13.a3 Ba5 14.b4 Bc7 15.g3 Rd8 16.Qb1 h6 17.Kg2 e5 18.dxe5 Bxe5
19.Nxe5 Qxe5 20.Re1 Qh5 21.Kg1 Bh3 22.Bg2 Rd2 23.Ra2 Rd7 24.Bxh3
Qxh3 25.Rae2 Rdd8 26.Re7 Rab8 27.Qb3 Qf5 28.R1e3 Qf6 29.Rc7 Rd5
30.Ree7 b6 31.cxb6 axb6 32.Rxf7 Qxf7 33.Rxf7 Kxf7 34.b5 Ke6 35.bxc6
Kd6 36.Qc3 Rg8 37.a4 Rc5 38.Qb3 Rf8 39.Qxb6 Rxc6 40.Qd4+ Ke6
41.Qxg7 Rf6 42.Qg8+ Ke5 43.f4+ Ke4 44.Qh7+ Kf3 45.Qd3+ Kg4 46.Kg2
Kh5 47.h3 Rfd6 48.g4+ Kh4 49.Qg3# 1-0

[Event "Washington Open Championship"]
[Site "Seattle, WA"]
[Date "2014.05.24"]
[Round "1"]
[White "Archer Shawn  (WA)"]
[Black "Barua Aniruddha  (WA)"]
[Result "1-0"]
[WhiteElo "1266"]
[BlackElo "887"]
[Annotator ""]
[Source ""]
[Remark "Booster"]

1.e4 e5 2.Nf3 Nc6 3.g3 Nf6 4.d3 Be7 5.Bg2 O-O 6.O-O d6 7.Be3
Ng4 8.c3 Be6 9.Nbd2 Kh8 10.d4 exd4 11.cxd4 d5 12.a3 Nxe3 13.fxe3
dxe4 14.Nxe4 Bd5 15.Nc3 Bc4 16.Rf2 f5 17.b3 Bd5 18.Qc2 Bxf3 19.Rxf3
Qd7 20.Bh3 Bf6 21.Bxf5 Nxd4 22.exd4 Qxd4+ 23.Kg2 Rae8 24.Rd1
Qc5 25.Rdf1 Re3 26.Rxe3 Qxe3 27.Nd5 Qe5 28.Nxf6 Rxf6 29.Qd3
( 29.Bxh7 ) Rd6 30.Qc2 g6 31.Be4 Kg7 32.Qxc7+ Kh6 33.Qc1+ Kg7
34.Qf4 Qb2+ 35.Kh3 Rd8 36.Qc7+ 1-0

[Event "Washington Open Championship"]
[Site "Seattle, WA"]
[Date "2014.05.24"]
[Round "1"]
[White "Seshadri Sridhar  (WA)"]
[Black "Campbell Tim  (WA)"]
[Result "0-1"]
[WhiteElo "1674"]
[BlackElo "1739"]
[Annotator ""]
[Source ""]
[Remark "Premier"]

1.d4 d5 2.Nf3 Nf6 3.e3 e6 4.Be2 c5 5.O-O Nbd7 6.c4 cxd4 7.exd4
dxc4 8.Bxc4 Nb6 9.Bb3 Bd7 10.Bg5 Bc6 11.Re1 Bxf3 12.Qxf3 Bb4
13.Rd1 Nbd5 14.Ba4+ Ke7 15.Nc3 Bxc3 16.bxc3 Qa5 17.Bb3 Rac8 18.c4
Nc3 19.Qxb7+ Rc7 20.Bxf6+ gxf6 21.Qf3 Nxd1 22.Rxd1 Rd8 23.d5
Qb4 24.h3 a5 25.Qg3 Rd6 26.Bc2 Qxc4 27.Bxh7 Rxd5 28.Rb1 Qc3 29.Qg4
Rg5 30.Qe4 Qa3 31.Qf4 Rgc5 32.Kh2 Qxa2 33.Rb6 Qa1 34.Qd6+ Ke8
35.Rb8+ Rc8 36.Qxc5 Rxb8 37.Qc6+ Kd8 38.Qd6+ Kc8 39.Qf8+ Kc7
{%02=  Just keep the checks going.} 40.Qxf7+ {%02?  But not that one!}
Kd6 41.Qa7 Qe5+ 42.g3 Qb5 43.Qd4+ Ke7 44.Bg6 a4 45.Qa7+ Rb7 46.Qa8
Qb2 47.Kg2 a3 48.Qe8+ Kd6 49.Be4 a2 50.Bxb7 Qxb7+ 0-1

[Event "Washington Open Championship"]
[Site "Seattle, WA"]
[Date "2014.05.24"]
[Round "1"]
[White "Lee Nathan  (WA)"]
[Black "Brusniak Benjamin  (WA)"]
[Result "0-1"]
[WhiteElo "2202"]
[BlackElo "1845"]
[Annotator ""]
[Source ""]
[Remark "Open"]

1.e4 e6 2.Qe2 Be7 3.Nf3 d5 4.d3 Nf6 5.g3 O-O 6.Bg2 c5 7.O-O Nc6
8.e5 Nd7 9.h4 Qc7 10.Bf4 b6 11.c4 dxc4 12.dxc4 Bb7 13.Rd1 Rfd8
14.Nc3 Nf8 15.Nb5 ( 15.Nb5 Qb8 16.Rxd8 Nxd8 17.Rd1 Ng6 18.Bc1
Bc6 19.h5 Nf8 20.h6 g6 21.Bg5 Qb7 22.Qe3 a6 23.Nd6 Qc7 24.Qf4
f5 25.exf6 Bxd6 26.Qxd6 Qxd6 27.Rxd6 Rc8 {1-0, Lobzhanidze Davit (GEO) 2493 - Straub Peter (GER) 2086, Wiesbaden (Germany) 2000}
) Rxd1+ 16.Rxd1 Qc8 17.h5 h6 18.Qe3 Nh7 19.b3 Qf8 20.Nd6 Bxd6
21.exd6 Rd8 22.Rd2 Nf6 23.Ne5 Nxe5 24.Bxb7 Ned7 25.Bf3 e5 26.Bxh6
gxh6 27.Bc6 Qg7 28.Bxd7 Nxd7 29.f4 exf4 30.Qe7 Qa1+ 31.Kg2 Qf6
32.gxf4 Kh8 33.Kf3 Rg8 34.Ke4 Qe6+ 35.Qxe6 fxe6 36.Re2 Kg7 37.f5
Kf7 38.Kf4 Re8 39.Rd2 exf5 40.Kxf5 Re5+ 41.Kf4 Ke6 42.Rg2 Rf5+
43.Ke4 Rg5 44.Rxg5 hxg5 45.h6 Nf6+ 0-1

[Event "Washington Open Championship"]
[Site "Seattle, WA"]
[Date "2014.05.24"]
[Round "1"]
[White "Thomas Arjun  (WA)"]
[Black "Gutman Richard  (OR)"]
[Result "0-1"]
[WhiteElo "1797"]
[BlackElo "2050"]
[Annotator ""]
[Source ""]
[Remark "Open"]

1.e4 e5 2.Nf3 d6 3.d4 exd4 4.Nxd4 g6 5.Nc3 Bg7 6.Be3 Nf6 7.Bc4
O-O 8.f3 Nbd7 9.O-O Nb6 10.Be2 d5 11.Nb3 Be6 12.Nc5 Qc8 13.e5
Nfd7 14.Nxe6 fxe6 15.f4 a6 16.a4 Qe8 17.a5 Nc8 18.Nxd5 exd5 19.Qxd5+
Kh8 20.Qxb7 Ne7 21.Bf3 c6 22.e6 Nf6 23.Bc5 Nfg8 24.Rad1 Rxf4
25.Rd7 Bf6 26.Bxc6 Rxf1+ 27.Kxf1 Rb8 28.Qc7 Rc8 29.Qf4 Nxc6 30.Qg4
Ne5 0-1

[Event "Washington Open Championship"]
[Site "Seattle, WA"]
[Date "2014.05.24"]
[Round "1"]
[White "Haining Kyle  (WA)"]
[Black "Zhang Eric M  (WA)"]
[Result "1-0"]
[WhiteElo "2054"]
[BlackElo "1710"]
[Annotator ""]
[Source ""]
[Remark "Open"]

1.e4 c5 2.Nf3 Nc6 3.d4 cxd4 4.Nxd4 g6 5.c4 Nf6 6.Nc3 Nxd4 7.Qxd4
Bg7 8.Be3 O-O 9.Qd2 d6 10.f3 Be6 11.Be2 Qa5 12.Rc1 Rfc8 13.b3
Bd7 14.O-O Bc6 15.Rfd1 Nd7 16.Qb2 Bxc3 17.Rxc3 b5 18.b4 Qa6 19.a4
bxa4 20.b5 Qb7 21.Qc2 Nb6 22.bxc6 Qxc6 23.Rc1 Rc7 24.c5 Rac8
25.cxb6 Qxc3 26.bxc7 Qxe3+ 27.Kf1 Qb6 28.Bc4 e6 29.Bd3 a3 30.Qc6
Qxc6 31.Rxc6 a2 32.Ra6 Rxc7 33.Rxa2 Kg7 34.Ra6 Kf6 35.Rxd6 Ke5
36.Ra6 Kd4 37.Ke2 Ke5 38.Ke3 Kf6 39.Kf4 Rc3 40.e5+ Kg7 41.Be4
Rc7 42.Ra5 Rd7 43.Ke3 h6 44.Rb5 h5 45.Rb7 Rd8 46.Rxa7 Rc8 47.Kf4
Rb8 48.h4 Rb5 49.Bc6 Rb4+ 50.Kg5 Rb2 51.g3 Rb8 52.Bd7 Kg8 53.Kf6
Rb3 54.f4 Rxg3 55.Be8 Rg4 56.Bxf7+ Kh8 57.Bxg6 Rxf4+ 58.Kxe6
Rf8 59.Bxh5 Rg8 60.Re7 Rf8 61.Re8 Rxe8+ 62.Bxe8 Kg7 63.Kd7 Kh7
64.e6 Kg7 65.Bf7 Kf6 66.e7 Ke5 67.e8Q+ Kd4 68.Qe6 Kc5 69.Qc4+
Kb6 70.Qb4+ Ka6 71.Kc7 Ka7 72.Qa5# 1-0

[Event "Washington Open Championship"]
[Site "Seattle, WA"]
[Date "2014.05.24"]
[Round "1"]
[White "Rajagopal Maneesh  (WA)"]
[Black "Verdiyan Artem  (WA)"]
[Result "0-1"]
[WhiteElo "1343"]
[BlackElo "1427"]
[Annotator ""]
[Source ""]
[Remark "Reserve"]

1.e4 c6 2.d4 d5 3.e5 Bf5 4.Nf3 e6 5.Be2 Nd7 6.O-O c5 7.c3 Ne7
8.Bf4 Nc6 9.Re1 Qb6 10.Qd2 cxd4 11.cxd4 Be4 12.Be3 Bb4 13.Nc3
O-O 14.a3 Bxc3 15.Qxc3 Rfc8 16.Qd2 Na5 17.Ng5 Nb3 18.Qb4 Qxb4
19.axb4 Nxa1 20.Rxa1 Bg6 21.Bb5 Nb6 22.Bd2 a6 23.Bf1 Bc2 24.Bc3
Na4 25.Rc1 Bb3 26.Bd3 h6 27.Nf3 Nxc3 28.bxc3 Rc7 29.Nd2 Rac8
30.Nxb3 Rxc3 31.Rxc3 Rxc3 32.Nc5 b6 33.Bxa6 bxc5 34.bxc5 Kf8
35.Kf1 Rc2 36.g3 Ke7 37.Ke1 f6 38.f4 Rxh2 39.g4 Rb2 40.Bd3 Rb4
41.Ke2 Rxd4 42.Ke3 fxe5 43.g5 Rxf4 44.gxh6 gxh6 45.c6 d4+ 46.Ke2
e4 47.Ba6 Kd6 48.Bb7 Kc7 49.Ba8 h5 50.Bb7 h4 51.Ba8 h3 52.Bb7
h2 53.Ba8 h1Q 54.Kd2 Qg2+ 55.Kc1 Rf1# 0-1

[Event "Washington Open Championship"]
[Site "Seattle, WA"]
[Date "2014.05.24"]
[Round "2"]
[White "Verdiyan Artem  (WA)"]
[Black "Sherry Christopher  (WA)"]
[Result "1/2-1/2"]
[WhiteElo "1427"]
[BlackElo "1654"]
[Annotator ""]
[Source ""]
[Remark "Reserve"]

1.d4 Nf6 2.Nf3 g6 3.Bg5 Bg7 4.c3 O-O 5.Nbd2 d6 6.e4 Nbd7 7.Bc4
c5 8.dxc5 Nxc5 9.Qc2 Bg4 10.Nd4 d5 11.Bxf6 dxc4 12.Bxg7 Nd3+
13.Kf1 Kxg7 14.Nxc4 Nf4 15.f3 Bd7 16.Kf2 Rc8 17.Ne5 f6 18.Nxd7
Qxd7 19.Rad1 Kh8 20.Qb3 Qd6 21.g3 Nh3+ 22.Kg2 Ng5 23.h4 e5 24.Nc2
( 24.Nb5 ) Qa6 25.Kf2 ( 25.hxg5 Qe2+ 26.Kh3 ) Ne6 26.h5 Nc5 27.hxg6
Nxb3 28.Rxh7+ Kg8 29.Rdd7 Qb6+ 30.Kg2 Rfd8 31.Rdg7+ 1/2-1/2

[Event "Washington Open Championship"]
[Site "Seattle, WA"]
[Date "2014.05.24"]
[Round "2"]
[White "Petrov Oscar  (WA)"]
[Black "McCorkle Wade  (WA)"]
[Result "0-1"]
[WhiteElo "1183"]
[BlackElo "1297"]
[Annotator ""]
[Source ""]
[Remark "Booster"]

1.e4 c6 2.Nf3 d5 3.exd5 cxd5 4.b3 Nf6 5.Bb2 e6 6.Bb5+ Bd7 7.Bxd7+
Nbxd7 8.O-O Bd6 9.d4 O-O 10.Ne5 Rc8 11.Nd2 Qc7 12.c4 Nxe5 13.dxe5
Bxe5 14.Bxe5 Qxe5 15.Nf3 Qd6 16.Re1 Rfd8 17.Re2 dxc4 18.Rd2 Qe7
19.bxc4 Rxd2 20.Qxd2 Qd8 21.Rd1 Qxd2 22.Rxd2 Kf8 23.Ne5 Ke7 24.f3
Rc7 25.Kf2 Nd7 26.Nxd7 Rxd7 27.Rxd7+ Kxd7 28.Ke3 Kd6 29.Kd4 e5+
30.Ke4 Ke6 31.g4 h6 32.c5 g6 33.h3 f5+ 34.gxf5+ gxf5+ 35.Ke3
Kd5 36.f4 e4 37.h4 Kxc5 38.h5 Kc4 39.Kd2 Kb4 40.Kc2 Ka3 41.Kb1
b5 42.Kc2 Kxa2 43.Kc3 a5 44.Kd4 b4 45.Kc4 b3 46.Kb5 b2 47.Ka4
b1Q 48.Kxa5 Qb3 49.Ka6 Qb4 50.Ka7 Kb3 51.Ka6 Kc4 52.Ka7 Kc5 53.Ka8
Kc6 54.Ka7 Qb7# 0-1

[Event "Washington Open Championship"]
[Site "Seattle, WA"]
[Date "2014.05.24"]
[Round "2"]
[White "Arganian David (WA)"]
[Black "Bashkansky Ethan  (WA)"]
[Result "0-1"]
[WhiteElo "2008"]
[BlackElo "2118"]
[Annotator ""]
[Source ""]
[Remark "Open"]

1.e4 c6 2.d4 d5 3.e5 c5 4.dxc5 Nc6 5.Nf3 Bg4 6.Bf4 e6 7.Bd3 Nge7
8.h3 Bxf3 9.Qxf3 Ng6 10.Bxg6 hxg6 11.O-O Bxc5 12.Nd2 O-O 13.c3
b5 14.Nb3 Bb6 15.Rad1 a5 16.Nd4 Bxd4 17.cxd4 Qb6 18.h4 Rac8 19.h5
Nxd4 20.Qd3 Nf5 21.hxg6 fxg6 22.Bg5 Rc4 23.Rc1 Qd4 24.Qxd4 Nxd4
25.Rxc4 Ne2+ 26.Kh2 bxc4 27.Re1 Nd4 28.f4 Rb8 29.Rd1 Nc6 30.Rd2
Nb4 31.a4 Nd3 0-1

[Event "Washington Open Championship"]
[Site "Seattle, WA"]
[Date "2014.05.26"]
[Round "6"]
[White "Tu Robin  (WA)"]
[Black "Allen Robert  (WA)"]
[Result "0-1"]
[WhiteElo "1711"]
[BlackElo "1752"]
[Annotator ""]
[Source ""]
[Remark "Premier"]

1.e4 c5 2.Nc3 d6 3.f4 g6 4.Nf3 Bg7 5.Bc4 e6 6.d3 Ne7 7.O-O Nbc6
8.Qe2 a6 9.a4 Rb8 10.h3 Na5 11.Ba2 b5 12.axb5 axb5 13.e5 O-O
14.exd6 Qxd6 15.Bxe6 Bxe6 16.Rxa5 c4 17.Kh1 cxd3 18.Qxd3 Qb4
19.Rxb5 Rxb5 20.Qxb5 Bxc3 21.Nd4 Qxd4 22.bxc3 Qc4 23.Qxc4 Bxc4
24.Rf3 Rd8 25.Ba3 Nf5 26.Rf2 Ng3+ 27.Kh2 Ne4 28.Rf3 Rd2 29.Re3
f5 30.h4 Bf1 31.Kg1 Bc4 32.g4 Rxc2 33.h5 Rxc3 34.Rxc3 Nxc3 35.hxg6
hxg6 36.gxf5 gxf5 37.Kf2 Nd5 38.Kf3 Kh7 39.Kg3 Kg6 40.Bd6 Kh5
41.Bb8 Ne3 42.Bc7 Nf1+ 43.Kh3 Bd5 44.Bd6 Bf3 45.Bc7 Kg6 46.Bd8
Kf7 47.Kh4 Ke6 48.Kg5 Bg4 49.Bc7 Kd5 50.Bb8 Ke4 51.Kh4 Kf3 52.Kg5
Ng3 53.Kh4 Ne2 54.Kg5 Ng1 55.Kf6 Ke4 56.Kg5 Nh3+ 57.Kh4 Nxf4
58.Kg3 Nd3 59.Kg2 Ne5 60.Ba7 f4 61.Kf2 Nd3+ 62.Kf1 f3 63.Bg1
Bh3# 0-1

[Event "Washington Open Championship"]
[Site "Seattle, WA"]
[Date "2014.05.26"]
[Round "5"]
[White "Allen Robert  (WA)"]
[Black "Puri Ankush  (WA)"]
[Result "1-0"]
[WhiteElo "1752"]
[BlackElo "1810"]
[Annotator ""]
[Source ""]
[Remark "Premier"]

1.d4 g6 2.c4 Bg7 3.Nc3 d6 4.e4 Nd7 5.Nf3 b6 6.Bd3 Bb7 7.O-O e6
8.Be3 Ne7 9.Qd2 h6 10.h4 Nf6 11.Nh2 Nc6 12.f4 Nd7 13.Nf3 Qe7
14.Rae1 O-O-O 15.d5 Nb4 16.Bb1 Bxc3 17.Qxc3 Na6 18.b4 Rhg8 19.Bd3
e5 20.Qa3 Nab8 21.fxe5 dxe5 22.c5 bxc5 23.bxc5 f6 24.Rb1 Rdf8
25.Rxb7 Nxc5 26.Bxc5 Qxc5+ 27.Qxc5 Kxb7 28.Rb1+ Kc8 29.Qxa7 Kd7
30.Rb7 Rc8 31.Bb5+ Kd8 32.Rxb8 Ke7 33.Qc5+ Kf7 34.Rxc8 Rxc8 35.Bd7
Rd8 36.Be6+ Ke8 37.Qc6+ Kf8 38.Qxc7 1-0